000
00324nam a2200145Ia 4500
005
20250603145528.0
008
250603s9999 xx 000 0 und d
050
_a
KP 90.N5/
245
0
_a
Police Act with Regulations Capp19
260
_a
Lagos
260
_b
Princeton
260
_c
2013
650
_a
Lagos
942
_c
BK
999
_c
42126
_d
42126